| 000 | 00517nam a22001937a 4500 | ||
|---|---|---|---|
| 003 | LK-CoDNM | ||
| 005 | 20241218142429.0 | ||
| 008 | 241218b |||||||| |||| 00| 0 eng d | ||
| 040 |
_aLK-CoDNM _dLK-CoDNM _eLK-CoDNM |
||
| 041 | _aeng | ||
| 080 |
_a2 _bA5 |
||
| 100 | _aprof. Dr. K. Brandt & Prof. Dr. C. Apstein in Kiel | ||
| 245 | _aNordisches Plankton | ||
| 260 |
_aKiel & Leipzig _bVerlag von Lipsius & Tischer _c1907 |
||
| 300 | _b135p. : map ; 27 cm | ||
| 650 | _a1907 | ||
| 650 | _aScience | ||
| 942 | _cBK | ||
| 999 |
_c233435 _d233435 |
||